One Piece Devil Fruits (2) - Statistics

General Stats
  • This quiz has been taken 37 times
  • The average score is 26 of 159
Answer Stats
Answer % Correct
Gomu Gomu no Mi
96%
Hito Hito no Mi
64%
Bara Bara no Mi
61%
Yami Yami no Mi
57%
Mera Mera no Mi
54%
Yomi Yomi no Mi
50%
Hana Hana no Mi
46%
Pika Pika no Mi
46%
Sube Sube no Mi
46%
Ito Ito no Mi
43%
Suna Suna no Mi
43%
Gasu Gasu no Mi
39%
Goro Goro no Mi
39%
Gura Gura no Mi
39%
Hie Hie no Mi
39%
Magu Magu no Mi
39%
Mero Mero no Mi
39%
Ope Ope no Mi
39%
Doku Doku no Mi
36%
Bane Bane no Mi
32%
Bomu Bomu no Mi
32%
Doru Doru no Mi
32%
Kage Kage no Mi
32%
Moku Moku no Mi
32%
Soru Soru no Mi
32%
Supa Supa no Mi
32%
Awa Awa no Mi
29%
Jake Jake no Mi
29%
Mane Mane no Mi
29%
Suke Suke no Mi
29%
Baku Baku no Mi
25%
Bari Bari no Mi
25%
Beta Beta no Mi
25%
Hobi Hobi no Mi
25%
Horo Horo no Mi
25%
Numa Numa no Mi
25%
Ori Ori no Mi
25%
Toge Toge no Mi
25%
Ton Ton no Mi
25%
Beri Beri no Mi
21%
Buki Buki no Mi
21%
Doa Doa no Mi
21%
Guru Guru no Mi
21%
Ishi Ishi no Mi
21%
Kiro Kiro no Mi
21%
Mogu Mogu no Mi
21%
Nikyu Nikyu no Mi
21%
Noro Noro no Mi
21%
Shiro Shiro no Mi
21%
Sui Sui no Mi
21%
Uma Uma no Mi
21%
Wara Wara no Mi
21%
Yuki Yuki no Mi
21%
Zou Zou no Mi
21%
Ato Ato no Mi
18%
Bisu Bisu no Mi
18%
Choki Choki no Mi
18%
Fuku Fuku no Mi
18%
Giro Giro no Mi
18%
Hira Hira no Mi
18%
Kame Kame no Mi
18%
Kuku Kuku no Mi
18%
Kuri Kuri no Mi
18%
Mato Mato no Mi
18%
Mira Mira no Mi
18%
Nagi Nagi no Mi
18%
Pamu Pamu no Mi
18%
Pero Pero no Mi
18%
Sabi Sabi no Mi
18%
Shari Shari no Mi
18%
Tama Tama no Mi
18%
Buku Buku no Mi
14%
Hoya Hoya no Mi
14%
Kobu Kobu no Mi
14%
Netsu Netsu no Mi
14%
Oshi Oshi no Mi
14%
Toki Toki no Mi
14%
Atsu Atsu no Mi
11%
Chiyu Chiyu no Mi
11%
Goru Goru no Mi
11%
Juku Juku no Mi
11%
Kachi Kachi no Mi
11%
Nui Nui no Mi
11%
Pasa Pasa no Mi
11%
Ame Ame no Mi
7%
Ami Ami no Mi
7%
Bata Bata no Mi
7%
Bijo Bijo no Mi
7%
Ero Ero no Mi
7%
Gasha Gasha no Mi
7%
Gocha Gocha no Mi
7%
Goe Goe no Mi
7%
Hiso Hiso no Mi
7%
Inu Inu no Mi: Jackal Model
7%
Inu Inu no Mi: Wolf Model
7%
Kama Kama no Mi
7%
Moa Moa no Mi
7%
Neko Neko no Mi: Leopard Model
7%
Raki Raki no Mi
7%
Tori Tori no Mi: Falcon Model
7%
Toro Toro no Mi
7%
Bana Bana no Mi
4%
Basu Basu no Mi
4%
Batto Batto no Mi: Vampire Model
4%
Deri Deri no Mi
4%
Dero Dero no Mi
4%
Gero Gero no Mi
4%
Gutsu Gutsu no Mi
4%
Hebi Hebi no Mi: Anaconda Model
4%
Hebi Hebi no Mi: King Cobra Model
4%
Hebi Hebi no Mi: Yamata no Orochi Model
4%
Hito Hito no Mi: Daibutsu Model
4%
Hore Hore no Mi
4%
Inu Inu no Mi: Bake-danuki Model
4%
Inu Inu no Mi: Dachshund Model
4%
Inu Inu no Mi: Kyubi no Kitsune Model
4%
Inu Inu no Mi: Tanuki Model
4%
Iro Iro no Mi
4%
Jara Jara no Mi
4%
Kone Kone no Mii
4%
Kopi Kopi no Mi
4%
Koro Koro no Mi
4%
Kumo Kumo no Mi: Rosamygale Grauvigeli Model
4%
Kyubu Kyubu no Mi
4%
Maji Maji no Mi
4%
Meta Meta no Mi
4%
Mini Mini no Mi
4%
Modo Modo no Mi
4%
Mono Mono no Mi
4%
Moru Horu no Mi
4%
Mosa Mosa no Mi
4%
Mushi Mushi no MiL Suzembachi Model
4%
Muzu Muzu no Mi: Kokan Model
4%
Neko Neko no Mi: Saber Tiger Model
4%
Nemu Nemu no Mi
4%
Nepa Nepa no Mi
4%
Nito Nito no Mi
4%
Noko Noko no Mi
4%
Nuke Nuke no Mi
4%
Peto Peto no Mi
4%
Pocha Pocha no Mi
4%
Ryu Ryu no Mi Allosaurus Model
4%
Ryu Ryu no Mi: Brachiosaurus Model
4%
Ryu Ryu no Mi: Pachycephalosaurus Model
4%
Ryu Ryu no Mi: Pterandon Model
4%
Ryu Ryu no Mi: Spinosaurus Model
4%
Ryu Ryu no Mi: Triceratops Model
4%
Samu Samu no Mi
4%
Sara Sara no Mi: Axolotl Model
4%
Tori Tori no Mi: Albatross Model
4%
Tori Tori no Mi: Eagle Model
4%
Tori Tori no Mi: Nue Model
4%
Tori Tori no Mi: Pheonix Model
4%
Uo Uo no Mi: Seiryu Model
4%
Ushi Ushi no Mi: Bison Model
4%
Ushi Ushi no Mi: Giraffe Model
4%
Ute Ute no Mi
4%
Zou Zou no Mi: Mammoth Model
4%
Zuma Zuma no Mi
4%
No matching quizzes found
Score Distribution
Percent of People with Each Score
Percentile by Number Answered
Your Score History
You have not taken this quiz